00652cam a22002411 4500001001300000003000400013005001700017008004100034010001700075025001900092035001900111040001800130042001200148050001800160100002000178245007400198260002900272300001800301504003100319650002400350650001900374999001700393sa 66000274 DLC20260227112214.0820628s1964 ii b 000 0 eng  asa 66000274  aPL480:I-E-4425 a(OCoLC)8556723 aDLCcViUdDLC apremarc00aHD9046.I4bA81 aArokiaswami, M.14aThe high price of foodgrains:bcauses and remedies,cby M. Arokiasmy. a[Tiruchirapalli?]c1964. a36 p.c19 cm. aBibliographical footnotes. 0aGrain tradezIndia. 0aGrainxPrices. c67168d67168